| 000 | 01128cam a2200349 4500 | ||
|---|---|---|---|
| 008 | 090401t1986 xxu||||| |||| 00| 0 eng d | ||
| 020 | _a0727702637 | ||
| 035 | _a(Sirsi) u15179 | ||
| 041 | _aeng | ||
| 050 | _a333.336 | ||
| 110 |
_aEnglish Estates _91628 |
||
| 245 | _aIndustrial and commercial estates planning and site development | ||
| 260 |
_aLondon _bThomas Telford _c1986 |
||
| 300 | _a166p. : ill. ; 24cm. | ||
| 350 | _a16 | ||
| 650 | _aPROPERTY-COMMERCIAL PROPERTY | ||
| 650 | _aDEVELOPMENT AGENCIES | ||
| 650 | _aDRAINAGE | ||
| 650 | _aGROUND INVESTIGATION | ||
| 650 | _aINDUSTRIAL DEVELOPMENT | ||
| 650 | _aLANDSCAPE | ||
| 650 | _aPUBLIC UTILITIES | ||
| 650 | _aPROPERTY-INFRASTRUCTURE-TRANSPORT INFRASTRUCTURE-ROAD INFRASTRUCTURE | ||
| 650 | _aTOPOGRAPHICAL SURVEYING | ||
| 710 |
_aScottish Development Agency _91630 |
||
| 710 |
_aWelsh Development Agency _92230 |
||
| 710 |
_aIndustrial Development Board for Northern Ireland _91633 |
||
| 710 |
_aDevelopment Board for Rural Wales _91634 |
||
| 710 |
_aHighlands and Islands Development Board _91636 |
||
| 942 | _n0 | ||
| 948 | _c04/03/1997 | ||
| 999 |
_c87261 _d87261 |
||